00735cam0a220021700 4500001001200000003000500012005001700017008004100034035001900075035002200094040000900116100003100125245003900156260003400195949004900229949005700278004000600335987006300341987009400404999001900498tmp15935820UPRA20190822104607.0951114s1977 ru eng u a(Sirsi) r50270 a(UPRA)tmp15935820 cUPRA1 aStrflkova, Irina.6A8274.110aPlaying the game :ba short novel. aMoscow :bRadiga Pub.,c1977. aPG3488.T7wlcci-63278mMAINtBOOKlON-SHELF aPG3488.T7wlcci33729005173146mMAINtBOOKlON-SHELF50270 aAuthor : unreadable? bis Strflkova the correct last name? aHoldings : use? bTwo cards had same accession number. How many copies does library have? c130774d130774